00306nam a2200109Ia 4500008004100000100005200041245003100093260003800124300000900162942000800171999001700179190216s9999||||xx |||||||||||||| ||und|| a"Santhanagopalan M, Veeraiyan, Subburaj Etc..." 0aEngineering Entrance Exams bSura College Of Competitionc1985 a575p cREF c35720d35720